000 00614nam a2200241Ia 4500
003 OSt
005 20220926032227.0
006 a|||||r|||| 00| 0
007 ta
008 220923b |||||||| |||| 00| 0 eng d
037 _cGeneral Book
040 _aRTL
_cRTL
_beng
041 _2eng
_aeng
082 _aT.223r, GD
110 _aCochin, Education (Dept-)
_9337045
245 0 _aReprot
260 _aSupted
_bGovt Press
490 _v1937-38
650 _aEducation
700 _aCochin, Education (Dept-)
_9337046
942 _hT.223r, GD
_cGB
_2CC
999 _c654139
_d654139